[Event "candidates (w)"]
[Site "Groningen NED"]
[Date "1997.12.20"]
[Round "10"]
[White "Gurieli, Nino"]
[Black "Maric, Alisa"]
[Result "1/2-1/2"]
[WhiteElo "2370"]
[BlackElo "2460"]
[EventDate "1997.12.09"]
[PlyCount "137"]

1.Nf3 Nf6 2.c4 e6 3.g3 d5 4.Bg2 dxc4 5.Qa4+ c6 6.Qxc4 b5 7.Qc2 Bb7 8.d4 
Nbd7 9.Nc3 c5 10.O-O b4 11.Na4 Rc8 12.dxc5 Nxc5 13.Nxc5 Bxc5 14.Qa4+ Bc6 
15.Qa6 O-O 16.Bg5 Qb6 17.Qxb6 Bxb6 18.Bxf6 gxf6 19.Rfd1 Rfd8 20.Ne1 Bb5 
21.Bf1 Bd4 22.Rab1 Be5 23.Rxd8+ Rxd8 24.Nf3 Rc8 25.Ne1 f5 26.e3 Bc6 27.f4 
Bf6 28.Bd3 Be4 29.h3 a5 30.Bxe4 fxe4 31.Kf2 a4 32.b3 Ra8 33.Kf1 Bc3 34.Nc2
Kg7 35.bxa4 Rxa4 36.Rb3 Rxa2 37.Nxb4 Ra1+ 38.Ke2 Re1+ 39.Kf2 Rc1 40.g4 
Be1+ 41.Ke2 Bh4 42.Kd2 Rh1 43.Nc2 Rh2+ 44.Kd1 h6 45.Rb4 Rxh3 46.Rxe4 Rg3 
47.f5 exf5 48.gxf5 Bg5 49.Ke2 Rg2+ 50.Kd3 h5 51.Nd4 Rf2 52.Ne2 Kf6 53.Ra4 
Rf3 54.Ra6+ Kg7 55.Nf4 Bxf4 56.Ke4 Rf1 57.exf4 h4 58.Ra2 Rh1 59.Kf3 Kf6 
60.Kg2 Re1 61.Kh3 Kxf5 62.Kxh4 Re3 63.Rf2 f6 64.Rf1 Ke4 65.Kg4 f5+ 66.Kg5 
Rg3+ 67.Kf6 Rg4 68.Re1+ Kxf4 69.Rf1+ 1/2-1/2

[Event "candidates (w)"]
[Site "Groningen NED"]
[Date "1997.12.21"]
[Round "11"]
[White "Maric, Alisa"]
[Black "Peng Zhaoqin"]
[Result "1-0"]
[WhiteElo "2460"]
[BlackElo "2400"]
[EventDate "1997.12.09"]
[PlyCount "87"]

1.d4 Nf6 2.Nf3 g6 3.g3 Bg7 4.Bg2 O-O 5.O-O c6 6.c4 d6 7.Nc3 Qb6 8.b3 e5 9.
dxe5 dxe5 10.Qc2 Re8 11.Rd1 Na6 12.e4 Bg4 13.Be3 Qc7 14.a3 Rad8 15.b4 b6 
16.h3 Be6 17.Bf1 h6 18.Qb2 Nb8 19.Rxd8 Rxd8 20.a4 Nh5 21.Qc1 Kh7 22.c5 
bxc5 23.Bxc5 f5 24.Nd2 Nd7 25.Be7 Rc8 26.a5 Ndf6 27.Bc5 Qd7 28.Qe1 Qf7 29.
Rd1 Rd8 30.a6 Rd7 31.Kh2 fxe4 32.Ndxe4 Nd5 33.Bg2 Nxc3 34.Rxd7 Qxd7 35.
Qxc3 Bd5 36.Qd3 Qc7 37.Qe2 Nf6 38.Nxf6+ Bxf6 39.Bxd5 cxd5 40.Qb5 Bg7 41.
Qb7 Qd8 42.Bxa7 d4 43.Bb6 Qf6 44.a7 1-0

[Event "candidates (w)"]
[Site "Groningen NED"]
[Date "1997.12.21"]
[Round "11"]
[White "Ioseliani, Nana"]
[Black "Arakhamia-Grant, Ketevan"]
[Result "1/2-1/2"]
[WhiteElo "2520"]
[BlackElo "2430"]
[EventDate "1997.12.09"]
[PlyCount "71"]

1.e4 Nf6 2.e5 Nd5 3.d4 d6 4.Nf3 dxe5 5.Nxe5 g6 6.Bc4 Be6 7.Qe2 Bg7 8.O-O 
O-O 9.Bb3 c6 10.Rd1 Nd7 11.c4 N5b6 12.Nf3 a5 13.a4 Bg4 14.h3 Bxf3 15.Qxf3 
e5 16.c5 Nd5 17.dxe5 Nxe5 18.Qg3 Qe7 19.Nc3 Nxc3 20.bxc3 Kh8 21.Be3 Rad8 
22.Rxd8 Rxd8 23.Bd4 Re8 24.Rd1 f5 25.Kh1 Qf8 26.Qf4 Nd7 27.Bxg7+ Qxg7 28.
Qc4 Nf6 29.Qd4 Qe7 30.Kg1 Kg7 31.Bc4 Qe5 32.Rb1 Qxd4 33.cxd4 Re7 34.f3 Kf8
35.Kf2 f4 36.g3 1/2-1/2

[Event "candidates (w)"]
[Site "Groningen NED"]
[Date "1997.12.21"]
[Round "11"]
[White "Galliamova-Ivanchuk, Alisa"]
[Black "Cramling, Pia"]
[Result "1-0"]
[WhiteElo "2445"]
[BlackElo "2520"]
[EventDate "1997.12.09"]
[PlyCount "79"]

1.e4 c5 2.Nf3 Nc6 3.d4 cxd4 4.Nxd4 e5 5.Nb5 d6 6.c4 Be6 7.N1c3 a6 8.Na3 
Rc8 9.Bd3 Be7 10.O-O Bg5 11.Nc2 h6 12.b3 Nf6 13.Ba3 O-O 14.g3 Bh3 15.Re1 
Ne8 16.Bf1 Be6 17.Nd5 Be7 18.Nxe7+ Nxe7 19.Qd2 Rc7 20.f4 f6 21.f5 Bf7 22.
Rad1 Rd7 23.Re3 Qa8 24.g4 b6 25.h4 Nc8 26.g5 Bh5 27.Rde1 Kh7 28.Rg3 Ne7 
29.Bc1 Ng8 30.Be2 Bxe2 31.Qxe2 Nc7 32.gxh6 gxh6 33.Qh5 Rff7 34.Bxh6 Nxh6 
35.Qg6+ Kh8 36.Qxh6+ Rh7 37.Qxf6+ Rdg7 38.Kf2 Qg8 39.Rxg7 Qxg7 40.Qd8+ 1-0

[Event "candidates (w)"]
[Site "Groningen NED"]
[Date "1997.12.22"]
[Round "12"]
[White "Xie Jun"]
[Black "Maric, Alisa"]
[Result "1-0"]
[WhiteElo "2495"]
[BlackElo "2460"]
[EventDate "1997.12.09"]
[PlyCount "195"]

1.e4 c6 2.d4 d5 3.Nc3 dxe4 4.Nxe4 Nd7 5.Bd3 Ngf6 6.Ng5 e6 7.N1f3 Bd6 8.Qe2
h6 9.Ne4 Nxe4 10.Qxe4 Nf6 11.Qe2 Qc7 12.Bd2 b6 13.O-O-O Bb7 14.Kb1 O-O-O 
15.c4 c5 16.Bc3 Kb8 17.Ne5 Ka8 18.f4 Qe7 19.Rhf1 h5 20.g3 Rc8 21.Nf3 Rhd8 
22.Ng5 cxd4 23.Bxd4 Bc5 24.Bxf6 gxf6 25.Ne4 Bd4 26.Nd2 f5 27.Nb3 Bf6 28.
Qxh5 Rxd3 29.Rxd3 Be4 30.Qe2 Rxc4 31.Nd2 Bxd3+ 32.Qxd3 Rd4 33.Qf3+ Kb8 34.
Nb3 Rd5 35.Rd1 Rxd1+ 36.Qxd1 Qb4 37.a3 Qe4+ 38.Ka2 Kc7 39.Qh5 Kd6 40.Qxf7 
Be7 41.Qe8 Qb7 42.Qh8 Kd7 43.h4 a5 44.Qd4+ Ke8 45.Nd2 b5 46.a4 Kf7 47.axb5
Qxb5 48.Nc4 Qa4+ 49.Kb1 Kg8 50.Qd3 Bf6 51.Ne5 Bxe5 52.fxe5 Kh7 53.b3 Qc6 
54.Kb2 Kg7 55.Qd2 Qb6 56.h5 Kh7 57.Qd6 Qf2+ 58.Ka3 Qxg3 59.Qxe6 Qf4 60.Qd5
Qb4+ 61.Ka2 a4 62.e6 axb3+ 63.Kb2 Kh6 64.Qxf5 Qd2+ 65.Kxb3 Qd1+ 66.Kb4 
Qd6+ 67.Kb5 Qb8+ 68.Kc6 Qa8+ 69.Kb5 Qb7+ 70.Kc4 Qa6+ 71.Kb3 Qb6+ 72.Kc2 
Qc6+ 73.Kd2 Qd6+ 74.Ke2 Qa6+ 75.Kf2 Qa2+ 76.Kg3 Qb3+ 77.Kh4 Qb4+ 78.Qg4 
Qe1+ 79.Kh3 Qh1+ 80.Kg3 Qg1+ 81.Kf4 Qc1+ 82.Ke4 Qc4+ 83.Kf3 Qf1+ 84.Ke3 
Qc1+ 85.Kf2 Qc5+ 86.Kg2 Qc2+ 87.Kh3 Qd3+ 88.Kh4 Qd8+ 89.Kg3 Kh7 90.Qf5+ 
Kh8 91.Qe5+ Kh7 92.Qe4+ Kh8 93.e7 Qd6+ 94.Kh3 Qd7+ 95.Kh4 Qe8 96.Qe5+ Kh7 
97.Qf5+ Kg7 98.Qg6+ 1-0

[Event "candidates (w)"]
[Site "Groningen NED"]
[Date "1997.12.22"]
[Round "12"]
[White "Gurieli, Nino"]
[Black "Galliamova-Ivanchuk, Alisa"]
[Result "0-1"]
[WhiteElo "2370"]
[BlackElo "2445"]
[EventDate "1997.12.09"]
[PlyCount "146"]

1.e4 c5 2.Nf3 Nc6 3.c3 d5 4.exd5 Qxd5 5.d4 Nf6 6.Be2 e6 7.O-O Be7 8.Na3 
O-O 9.Nb5 Qd8 10.dxc5 Bxc5 11.b4 Qxd1 12.Rxd1 Bb6 13.Nd2 Nd5 14.Nc4 Bd8 
15.Ne3 a6 16.Nxd5 exd5 17.Nd6 Bf6 18.Bd2 Rd8 19.Nxc8 Raxc8 20.Rac1 g6 21.
Bg4 Ra8 22.Be3 Ne5 23.Be2 Nc4 24.Bf3 Nxe3 25.fxe3 Bg5 26.Kf2 Re8 27.Rd3 
Re5 28.Re1 Rd8 29.g3 b6 30.h4 Bf6 31.Red1 Rc8 32.Rc1 Be7 33.a3 a5 34.Rcd1 
Bf6 35.Ke2 Re7 36.Kd2 Rec7 37.Rc1 Be5 38.Bxd5 Bxg3 39.Rh1 axb4 40.axb4 Be5
41.c4 Ra7 42.Rb3 h5 43.Kd3 Bd6 44.Rf1 Kg7 45.e4 Bg3 46.c5 bxc5 47.b5 Bxh4 
48.b6 Re7 49.b7 Rb8 50.Kc4 Rc7 51.Ra1 Rd7 52.Ra8 Rdd8 53.Kxc5 Bf6 54.Rf3 
Rf8 55.Rxb8 Rxb8 56.Kd6 Rd8+ 57.Kc7 Rf8 58.Rxf6 Kxf6 59.Bc6 Ke7 60.Bd7 Rd8
61.Bc8 Rd4 62.e5 Rc4+ 63.Kb6 Rb4+ 64.Kc7 f5 65.exf6+ Kxf6 66.b8=Q Rxb8 67.
Kxb8 g5 68.Kc7 Ke5 69.Kc6 g4 70.Kc5 Ke4 71.Bb7+ Ke3 72.Kd5 h4 73.Ke5 g3 
0-1

[Event "candidates (w)"]
[Site "Groningen NED"]
[Date "1997.12.22"]
[Round "12"]
[White "Cramling, Pia"]
[Black "Ioseliani, Nana"]
[Result "1-0"]
[WhiteElo "2520"]
[BlackElo "2520"]
[EventDate "1997.12.09"]
[PlyCount "71"]

1.d4 d5 2.c4 e6 3.Nf3 c6 4.Nc3 dxc4 5.a4 Bb4 6.e3 b5 7.Bd2 a5 8.axb5 Bxc3 
9.Bxc3 cxb5 10.b3 Bb7 11.bxc4 b4 12.Bb2 Nf6 13.Bd3 Nbd7 14.O-O O-O 15.Re1 
Re8 16.Qc2 Qc7 17.e4 e5 18.c5 exd4 19.Bxd4 Ng4 20.Bc4 Nde5 21.Nxe5 Nxe5 
22.Bd5 Bc6 23.Qb3 Rad8 24.Rad1 Rc8 25.h3 Kh8 26.f4 Ng6 27.Bxc6 Qxc6 28.
Qxf7 Rg8 29.f5 Nf4 30.Kh2 Qh6 31.Qa2 Rge8 32.Qf2 Nh5 33.e5 Rcd8 34.Be3 g5 
35.Rd6 Qg7 36.f6 1-0

[Event "candidates (w)"]
[Site "Groningen NED"]
[Date "1997.12.23"]
[Round "13"]
[White "Ioseliani, Nana"]
[Black "Gurieli, Nino"]
[Result "1-0"]
[WhiteElo "2520"]
[BlackElo "2370"]
[EventDate "1997.12.09"]
[PlyCount "79"]

1.e4 c6 2.d4 d5 3.exd5 cxd5 4.c4 Nf6 5.Nc3 e6 6.Nf3 Be7 7.cxd5 exd5 8.Bd3 
Nc6 9.h3 O-O 10.O-O h6 11.Be3 Bd6 12.Rc1 Re8 13.Bb1 Bb8 14.Re1 Qd6 15.Qb3 
a6 16.Ne2 Na5 17.Qc2 Nc4 18.Bf4 Qb6 19.Nc3 Rxe1+ 20.Rxe1 Be6 21.Na4 Qb5 
22.Bxh6 Bd7 23.Qc1 Ne4 24.Nc3 Qxb2 25.Qxb2 Nxb2 26.Nxd5 f5 27.Bc1 Nc4 28.
Ne7+ Kf8 29.Nxf5 Nc3 30.Bd3 Nd6 31.Ba3 Bxf5 32.Bxf5 Nb5 33.Bc5 Ba7 34.Bg6 
Rc8 35.Ne5 Kg8 36.a4 b6 37.Bb4 a5 38.Bxd6 Nxd6 39.d5 Rc5 40.Nc6 1-0

[Event "candidates (w)"]
[Site "Groningen NED"]
[Date "1997.12.24"]
[Round "14"]
[White "Maric, Alisa"]
[Black "Galliamova-Ivanchuk, Alisa"]
[Result "1/2-1/2"]
[WhiteElo "2460"]
[BlackElo "2445"]
[EventDate "1997.12.09"]
[PlyCount "78"]

1.c4 Nf6 2.Nc3 e5 3.Nf3 Nc6 4.d4 exd4 5.Nxd4 Bb4 6.Bg5 h6 7.Bh4 Bxc3+ 8.
bxc3 Ne5 9.f4 Ng6 10.Bxf6 Qxf6 11.g3 O-O 12.Qd2 c6 13.Bg2 b6 14.O-O Ba6 
15.e4 d6 16.Nxc6 Bxc4 17.Rf2 Rac8 18.Nd4 Rc7 19.Rd1 Re8 20.Qb2 Nf8 21.Rfd2
Rc5 22.Nc2 Be6 23.Rxd6 Qxc3 24.Qxc3 Rxc3 25.Nb4 Rc4 26.Nc6 g6 27.Nd4 Bc8 
28.e5 Ne6 29.Nc6 Bb7 30.Nxa7 Bxg2 31.Kxg2 Ra8 32.Nb5 Rxa2+ 33.R1d2 Rcc2 
34.Rxc2 Rxc2+ 35.Kg1 Rc1+ 36.Kg2 Rc2+ 37.Kg1 Rc1+ 38.Kg2 Rc2+ 39.Kg1 h5 
1/2-1/2

[Event "candidates (w)"]
[Site "Groningen NED"]
[Date "1997.12.24"]
[Round "14"]
[White "Cramling, Pia"]
[Black "Arakhamia-Grant, Ketevan"]
[Result "1-0"]
[WhiteElo "2520"]
[BlackElo "2430"]
[EventDate "1997.12.09"]
[PlyCount "83"]

1.d4 Nf6 2.c4 g6 3.Nc3 Bg7 4.Bg5 d6 5.e3 c5 6.d5 h6 7.Bh4 O-O 8.Nf3 Bf5 9.
Nd2 Qb6 10.Qc1 g5 11.Bg3 Nh5 12.Be2 Nxg3 13.hxg3 Nd7 14.e4 Bh7 15.Nf1 Nf6 
16.Bd3 e6 17.Ne3 Rae8 18.f3 Qa5 19.Qd2 a6 20.O-O-O b5 21.cxb5 axb5 22.Bxb5
exd5 23.Bxe8 d4 24.Ncd5 Qxd2+ 25.Rxd2 dxe3 26.Nxf6+ Bxf6 27.Rxd6 Be5 28.
Rdxh6 Bg6 29.Bc6 Rb8 30.b3 Rb4 31.Bd5 Kg7 32.R6h3 g4 33.Rh4 gxf3 34.gxf3 
Bxg3 35.Rg4 Bf2 36.Bc4 Kf6 37.Kd1 Ke5 38.Ke2 Kd4 39.Rc1 Ke5 40.Rg5+ Kf4 
41.Rg4+ Ke5 42.Bd3 1-0

[Event "candidates (w)"]
[Site "Groningen NED"]
[Date "1997.12.24"]
[Round "14"]
[White "Peng Zhaoqin"]
[Black "Ioseliani, Nana"]
[Result "0-1"]
[WhiteElo "2400"]
[BlackElo "2520"]
[EventDate "1997.12.09"]
[PlyCount "80"]

1.d4 d5 2.c4 e6 3.Nf3 c6 4.Nbd2 f5 5.g3 Bd6 6.Bg2 Nd7 7.O-O Qf6 8.cxd5 
exd5 9.Nb3 Ne7 10.Bf4 O-O 11.Qd2 Ng6 12.Rac1 Bxf4 13.gxf4 Nh4 14.Rc3 Nxf3+
15.Rxf3 Nb6 16.Qc3 Nc4 17.Rg3 Nd6 18.f3 Be6 19.e3 Rac8 20.Rc1 b6 21.Bf1 
Rfe8 22.Rc2 Bf7 23.Ba6 Rc7 24.Nd2 c5 25.b3 Ree7 26.dxc5 Qxc3 27.Rxc3 bxc5 
28.Kf2 c4 29.bxc4 dxc4 30.a4 Rc6 31.Bb5 Nxb5 32.axb5 Rc5 33.Rg1 Rxb5 34.
Rgc1 Rb2 35.R1c2 Rxc2 36.Rxc2 Bd5 37.Ke2 a5 38.Ra2 c3 39.Rxa5 Rd7 40.e4 
Be6 0-1

[Event "candidates (w)"]
[Site "Groningen NED"]
[Date "1997.12.26"]
[Round "15"]
[White "Ioseliani, Nana"]
[Black "Maric, Alisa"]
[Result "1/2-1/2"]
[WhiteElo "2520"]
[BlackElo "2460"]
[EventDate "1997.12.09"]
[PlyCount "75"]

1.Nf3 Nf6 2.c4 e6 3.g3 b6 4.Bg2 Bb7 5.O-O Be7 6.b3 O-O 7.Bb2 d5 8.d4 Na6 
9.cxd5 exd5 10.Nc3 c5 11.Rc1 Re8 12.dxc5 bxc5 13.Ne5 Rb8 14.Na4 Bd6 15.Nd3
Rc8 16.e3 Ne4 17.Qg4 g6 18.Rfd1 f5 19.Qe2 Qe7 20.Ba1 Kf7 21.Nf4 Nc7 22.Qb2
Bxf4 23.gxf4 Ne6 24.Qe5 Qc7 25.Bxe4 Qxe5 26.Bxe5 dxe4 27.Bd6 Red8 28.Nb2 
Ba6 29.Be5 Ke7 30.Nc4 Rxd1+ 31.Rxd1 Bxc4 32.bxc4 Rc6 33.Kf1 Ra6 34.Rd2 Rb6
35.Ke2 Rb4 36.Rc2 Nd8 37.Kd2 Nc6 38.Bc3 1/2-1/2

[Event "candidates (w)"]
[Site "Groningen NED"]
[Date "1997.12.26"]
[Round "15"]
[White "Arakhamia-Grant, Ketevan"]
[Black "Gurieli, Nino"]
[Result "1-0"]
[WhiteElo "2430"]
[BlackElo "2370"]
[EventDate "1997.12.09"]
[PlyCount "153"]

1.e4 e5 2.Nf3 Nf6 3.Nc3 Nc6 4.g3 Bc5 5.Bg2 d6 6.d3 a6 7.Be3 Bxe3 8.fxe3 
Bg4 9.h3 Bxf3 10.Qxf3 Ne7 11.g4 Ng6 12.h4 h5 13.g5 Ng4 14.O-O-O f6 15.Bh3 
Nxh4 16.Qg3 fxg5 17.Bxg4 hxg4 18.Qxg4 c6 19.Rdf1 Qe7 20.Rf5 Ng6 21.Rh5 Rg8
22.Rh7 Qe6 23.d4 Ne7 24.Rxg5 Qxg4 25.Rxg4 Kf7 26.Ne2 Ng6 27.Rh5 Nf8 28.
Rf5+ Ke6 29.Ng1 g6 30.Rf2 Nh7 31.Nf3 Raf8 32.Rh4 Nf6 33.Ng5+ Ke7 34.Rh6 
Rg7 35.Rg2 Nh5 36.d5 Rf1+ 37.Kd2 Nf6 38.c4 cxd5 39.exd5 Rg8 40.Ne6 Kf7 41.
Kc2 b5 42.b3 bxc4 43.bxc4 a5 44.Kd3 Rd1+ 45.Kc2 Ra1 46.Kb2 Re1 47.Ng5+ Ke7
48.Rh3 Rb8+ 49.Kc3 Rc8 50.Kd3 Rd1+ 51.Ke2 Rc1 52.Nf3 Rc2+ 53.Nd2 g5 54.Kd3
Rxa2 55.Rh6 g4 56.Rf2 Rf8 57.Rg6 Rf7 58.Rf1 a4 59.Rb1 Ra3+ 60.Ke2 Rc3 61.
Rb7+ Nd7 62.Rxg4 Rh7 63.Ne4 Rc2+ 64.Kd3 Rch2 65.Ra7 R2h4 66.Rg6 Kf8 67.
Ra8+ Ke7 68.Re6+ Kf7 69.Nxd6+ Kg7 70.Nf5+ Kf7 71.Ra7 Kf8 72.Rxd7 Rxd7 73.
Nxh4 Ra7 74.Ng6+ Kf7 75.Nxe5+ Kg7 76.Nc6 Rb7 77.Re7+ 1-0

[Event "candidates (w)"]
[Site "Groningen NED"]
[Date "1997.12.27"]
[Round "16"]
[White "Peng Zhaoqin"]
[Black "Arakhamia-Grant, Ketevan"]
[Result "1-0"]
[WhiteElo "2400"]
[BlackElo "2430"]
[EventDate "1997.12.09"]
[PlyCount "107"]

1.d4 Nf6 2.c4 g6 3.Nc3 d5 4.Nf3 Bg7 5.Bg5 Ne4 6.cxd5 Nxg5 7.Nxg5 e6 8.Qd2 
exd5 9.Qe3+ Kf8 10.Qf4 Qf6 11.Qxc7 Na6 12.Qg3 Nb4 13.Rc1 Bf5 14.e3 Nc2+ 
15.Rxc2 Bxc2 16.Nxd5 Qc6 17.Nb4 Qa4 18.Qd6+ Kg8 19.Bc4 Bf8 20.Bxf7+ Kg7 
21.Qe5+ Kh6 22.Nxc2 Bg7 23.Qe4 Qa5+ 24.b4 Qxg5 25.Be6 Rhe8 26.O-O Rac8 27.
d5 Rc3 28.f4 Qg4 29.Nd4 Bf6 30.Nb5 Qe2 31.Nxc3 Bxc3 32.f5 Bd2 33.Qb1 Qxe3+
34.Kh1 Bc3 35.f6 Rf8 36.f7 Kg7 37.b5 Be5 38.Qe1 Qd4 39.Qf2 Qd3 40.Re1 Bf6 
41.Qe2 Qa3 42.Rd1 Qd6 43.g3 h5 44.Qe4 Rh8 45.Rf1 a6 46.bxa6 bxa6 47.Qf4 
Be5 48.Qg5 Rf8 49.Kg2 a5 50.h4 Bd4 51.g4 Rb8 52.Kh1 Qe5 53.f8=Q+ Rxf8 54.
Qe7+ 1-0

[Event "candidates (w)"]
[Site "Groningen NED"]
[Date "1997.12.28"]
[Round "17"]
[White "Gurieli, Nino"]
[Black "Xie Jun"]
[Result "0-1"]
[WhiteElo "2370"]
[BlackElo "2495"]
[EventDate "1997.12.09"]
[PlyCount "102"]

1.Nf3 Nf6 2.d4 g6 3.g3 Bg7 4.Bg2 O-O 5.O-O c6 6.c4 d6 7.b3 Bf5 8.Bb2 d5 9.
Ne5 Be4 10.f3 Bxb1 11.Rxb1 Nbd7 12.Qd2 e6 13.Rbd1 a5 14.e4 a4 15.exd5 cxd5
16.Qb4 axb3 17.axb3 Ra2 18.Bc3 Qb6 19.Qxb6 Nxb6 20.Ra1 Rfa8 21.c5 Nbd7 22.
Nd3 Ne8 23.Rxa2 Rxa2 24.Rc1 Ra3 25.Ne5 Nxe5 26.dxe5 Rxb3 27.f4 Nc7 28.Bd4 
Nb5 29.Bf2 Na7 30.Ra1 Nc6 31.Bf1 Bf8 32.Ra8 Kg7 33.Rc8 d4 34.Rc7 Bxc5 35.
Bc4 Rb1+ 36.Kg2 Kf8 37.Rc8+ Ke7 38.Rc7+ Ke8 39.Bd3 Rb2 40.Kf3 Be7 41.Rc8+ 
Kd7 42.Rh8 h5 43.Rh7 g5 44.Rxf7 g4+ 45.Kg2 Nb4 46.Bb5+ Kd8 47.Kf1 Nd5 48.
Bc4 Ne3+ 49.Bxe3 dxe3 50.f5 Rf2+ 51.Kg1 Bc5 0-1

[Event "candidates (w)"]
[Site "Groningen NED"]
[Date "1997.12.28"]
[Round "17"]
[White "Cramling, Pia"]
[Black "Peng Zhaoqin"]
[Result "1/2-1/2"]
[WhiteElo "2520"]
[BlackElo "2400"]
[EventDate "1997.12.09"]
[PlyCount "38"]

1.d4 d5 2.c4 dxc4 3.Nf3 e6 4.e3 c5 5.Bxc4 Nf6 6.O-O Nc6 7.Qe2 cxd4 8.Rd1 
Be7 9.exd4 O-O 10.Nc3 Na5 11.Bd3 b6 12.Bg5 Bb7 13.Rac1 Rc8 14.Ne5 Nd5 15.
Nxd5 Qxd5 16.Be4 Qxe4 17.Qxe4 Bxe4 18.Bxe7 Rfe8 19.Bb4 Nc6 1/2-1/2

[Event "candidates (w)"]
[Site "Groningen NED"]
[Date "1997.12.28"]
[Round "17"]
[White "Arakhamia-Grant, Ketevan"]
[Black "Maric, Alisa"]
[Result "1/2-1/2"]
[WhiteElo "2430"]
[BlackElo "2460"]
[EventDate "1997.12.09"]
[PlyCount "131"]

1.e4 e5 2.Nc3 Nf6 3.g3 Bb4 4.Nge2 c6 5.Bg2 O-O 6.O-O d5 7.exd5 cxd5 8.d4 
exd4 9.Qxd4 Nc6 10.Qd3 Bxc3 11.Qxc3 Re8 12.Nd4 Ne4 13.Nxc6 Nxc3 14.Nxd8 
Ne2+ 15.Kh1 Rxd8 16.Be3 d4 17.Bd2 Bf5 18.Bxb7 Rab8 19.Bf3 d3 20.cxd3 Nd4 
21.Be4 Bh3 22.Rfc1 f5 23.Bg2 Bxg2+ 24.Kxg2 Rxb2 25.Ba5 Rd7 26.Rc5 f4 27.
Bc3 f3+ 28.Kf1 Rbb7 29.Rd1 Ne2 30.Be1 Rb2 31.Ra5 h6 32.h4 Kh7 33.Ra4 Rdb7 
34.d4 Rb1 35.Rd3 Nxg3+ 36.fxg3 Re7 37.Kf2 Rbxe1 38.Kxf3 Rf7+ 39.Kg2 Re2+ 
40.Kh3 Rff2 41.h5 Rh2+ 42.Kg4 Re4+ 43.Kf3 Re7 44.Ra5 Rf7+ 45.Kg4 g6 46.
hxg6+ Kxg6 47.Ra6+ Kh7 48.d5 h5+ 49.Kg5 Rg7+ 50.Kf4 Re7 51.Kf3 h4 52.d6 
Rf7+ 53.Ke4 Re2+ 54.Kd5 h3 55.Ra4 h2 56.Rh4+ Kg8 57.Rdd4 Rxa2 58.Rdg4+ Rg7
59.Rxg7+ Kxg7 60.d7 Rd2+ 61.Ke6 Re2+ 62.Kd6 Rd2+ 63.Kc7 Rc2+ 64.Kb8 Rd2 
65.Rxh2 Rxd7 66.Ra2 1/2-1/2

[Event "candidates (w)"]
[Site "Groningen NED"]
[Date "1997.12.29"]
[Round "18"]
[White "Xie Jun"]
[Black "Ioseliani, Nana"]
[Result "1-0"]
[WhiteElo "2495"]
[BlackElo "2520"]
[EventDate "1997.12.09"]
[PlyCount "95"]

1.e4 c5 2.Nf3 Nc6 3.d4 cxd4 4.Nxd4 e5 5.Nb5 d6 6.c4 Be7 7.N1c3 a6 8.Na3 
Be6 9.Bd3 Nf6 10.O-O O-O 11.Nc2 Rc8 12.Nd5 Nd7 13.b4 Bg5 14.a3 g6 15.Kh1 
Bxc1 16.Rxc1 Ne7 17.Qd2 f5 18.Nce3 f4 19.Nxe7+ Qxe7 20.Nd5 Qh4 21.f3 Kh8 
22.Kg1 Rc6 23.Qb2 Qg5 24.Rf2 h5 25.Rfc2 Rfc8 26.a4 a5 27.c5 dxc5 28.bxa5 
Bxd5 29.exd5 Rd6 30.Qxb7 Qd8 31.Qb2 Rxd5 32.Be4 Rd6 33.Bb7 Rb8 34.Qb5 Nf6 
35.Rf1 Rd1 36.a6 Qd4+ 37.Kh1 c4 38.Rc1 Rxf1+ 39.Rxf1 Qd3 40.Qb1 Qd4 41.Rd1
Qe3 42.Qxg6 Rf8 43.Qh6+ Kg8 44.a7 Qxa7 45.Rd7 Nxd7 46.Bd5+ Rf7 47.Qg6+ Kh8
48.Bxf7 1-0

[Event "candidates (w)"]
[Site "Groningen NED"]
[Date "1997.12.29"]
[Round "18"]
[White "Peng Zhaoqin"]
[Black "Gurieli, Nino"]
[Result "1-0"]
[WhiteElo "2400"]
[BlackElo "2370"]
[EventDate "1997.12.09"]
[PlyCount "79"]

1.Nf3 Nf6 2.c4 e6 3.Nc3 d5 4.d4 Be7 5.Bg5 h6 6.Bh4 O-O 7.e3 Ne4 8.Bxe7 
Qxe7 9.Rc1 Nxc3 10.Rxc3 dxc4 11.Bxc4 Nd7 12.O-O c5 13.Qc2 b6 14.Bb5 Bb7 
15.Bxd7 Bxf3 16.gxf3 cxd4 17.Rc7 Rad8 18.Qc6 Qg5+ 19.Kh1 dxe3 20.fxe3 Qxe3
21.Qc3 Qf4 22.Rg1 e5 23.Rc4 Qf6 24.Rc6 Qe7 25.Bf5 Rd6 26.Bc2 Rfd8 27.Rxd6 
Rxd6 28.Qc8+ Rd8 29.Qf5 g6 30.Qh5 Rd6 31.Qxh6 Qf6 32.Be4 Rd4 33.h3 Rd6 34.
Kh2 Qe6 35.b3 a5 36.Rg2 b5 37.h4 f5 38.h5 Qf7 39.Rxg6+ Rxg6 40.hxg6 1-0